| 000 | 01092nam a22001577a 4500 | ||
|---|---|---|---|
| 003 | NUST | ||
| 005 | 20221007101133.0 | ||
| 020 | _a978-969-23497-0-3 | ||
| 082 | _a683.422, MUH | ||
| 100 |
_aMuhammad Adnan, Lieutenant General Syed _999443 |
||
| 245 |
_aBlack Magic with Long Range Precision Rifle: _bScience and Art of Cold Bore Accuracy at Unknown Distances/ _cLieutenant General Syed Muhammad Adnan HI (M) _6If you miss a shot, there is got to be a reason |
||
| 260 |
_aPakistan _bSaeed Book Bank Islamabad _c2021 |
||
| 300 | _axii, 470: pages | ||
| 505 | _aLong Range Precision Rifle Shooting (Page-1), Long range Weapon System (Page-7), Long Range Ammunition (Page-21), Long Range Rifle (Page-61), Long Range Optical Sight (Page-93), Internal Ballistics (Page-141), External Ballistics (Page-173), Calculating Firing Solution (Page-263), Reloading Long Range Rifle Ammunition (Page-331), Long Range Rifle Maintenance Regime (Page-357), Range to the Target (Page-377), Essential Skills for Long Range Precision Rifle Fire (Page-399), Art of Sniping (Page-415). | ||
| 942 |
_2ddc _cBK |
||
| 999 |
_c591563 _d591563 |
||